Statistiques concernant Les plus grandes villes d'Europe - extrême

Cliquez ici pour prendre le quiz!

Statistiques générales

  • Ce quiz a été pris 24 933 fois
    (22 741 depuis la dernière actualisation)
  • Le résultat moyen est 67 sur 197

Statistiques - réponses

populationville% Correct
11.3mParis
99%
14.6mLondres
97%
1.66mMarseille
95%
4.63mBerlin
94%
6.35mMadrid
94%
17.0mMoscou
93%
1.98mLyon
92%
3.60mRome
92%
4.70mBarcelone
90%
1.29mLille
86%
2.55mLisbonne
86%
1.05mBordeaux
83%
2.05mBruxelles
83%
1.37mDublin
83%
5.15mMilan
83%
1.17mOslo
82%
2.43mAmsterdam
80%
1.03mToulouse
80%
3.38mAthènes
79%
3.45mKiev
79%
773kStrasbourg
79%
3.03mManchester
78%
2.25mMunich
78%
941kNice
78%
2.58mBudapest
77%
2.30mVarsovie
77%
2.23mVienne
77%
2.20mBucarest
76%
613kNantes
76%
4.23mNaples
75%
5.55mSaint-Pétersbourg
75%
2.15mStockholm
75%
1.27mHelsinki
74%
1.15mPorto
73%
1.65mCopenhague
71%
436kRennes
71%
1.66mTurin
71%
1.42mPrague
70%
546kGenève
68%
1.86mLiverpool
67%
1.33mSéville
67%
921kZagreb
67%
14.8mIstamboul
66%
1.30mSofia
65%
499kVenise
65%
3.20mRotterdam / La Haye
63%
1.76mValence
62%
1.40mZurich
61%
2.83mHambourg
59%
2.00mMinsk
59%
590kMontpellier
59%
654kRiga
59%
853kÉdimbourg
56%
980kFlorence
55%
3.23mFrancfort-sur-le-Main
55%
1.41mBelgrade
54%
4.98mCologne / Düsseldorf
54%
692kVilnius
54%
633kBratislava
52%
1.66mGlasgow
52%
643kSarajevo
52%
875kBilbao
48%
812kCracovie
48%
546kLjubljana
48%
855kPalerme
48%
3.10mBirmingham
47%
811kTirana
45%
661kGrenoble
44%
572kTallinn
44%
1.03mAnvers
42%
848kBelfast
41%
551kToulon
41%
687kCardiff
40%
723kGênes
40%
749kLiège
40%
1.02mMalaga
38%
527kSaint Étienne
38%
2.38mStuttgart
38%
668kSkopje
35%
770kBologne
34%
425kMetz
34%
495kRouen
34%
2.15mLeeds
33%
736kChișinău
32%
476kClermont-Ferrand
32%
561kLeipzig
32%
510kMalmö
31%
826kBrême
30%
508kBâle
29%
561kGrenade
29%
504kPriština
28%
589kBari
27%
1.47mNewcastle
27%
1.19mNuremberg
27%
788kThessalonique
27%
780kDresde
26%
1.10mOdessa
26%
751kSaragosse
26%
1.45mDonetsk
25%
1.15mHanovre
25%
459kTours
25%
938kGdańsk
24%
657kCatane
22%
805kGöteborg
22%
1.63mKharkiv
22%
617kBristol
21%
1.16mSouthampton
21%
514kVérone
21%
590kGand
20%
446kBrighton
19%
476kCagliari
19%
1.41mVolgograd
18%
488kCharleroi
17%
552kDouai / Lens
17%
621kPalma de Majorque
17%
423kBrno
16%
765kLeicester
16%
790kLviv
16%
502kMurcie
16%
1.37mNottingham
16%
1.55mSheffield
16%
450kBergame
15%
697kEindhoven
15%
634kFribourg-en-Brisgau
15%
1.25mKazan
15%
1.29mRostov-sur-le-Don
15%
757kAlicante
14%
923kŁódź
14%
1.74mNijni Novgorod
14%
737kUtrecht
14%
547kAix-la-Chapelle
13%
418kSébastopol
13%
449kKaliningrad
12%
1.57mMannheim
12%
626kPoznań
12%
506kPadoue
11%
424kValladolid
11%
481kVigo
11%
641kWrocław
11%
1.36mDnipro
10%
561kLinz
10%
461kMarioupol
10%
776kKrasnodar
9%
439kLublin
8%
1.32mSamara
8%
462kSwansea
8%
418kVarna
8%
434kAugsbourg
7%
470kBrescia
7%
445kLouhansk
7%
543kPlovdiv
7%
422kTarante
7%
603kBielefeld
6%
465kBournemouth
6%
731kKarlsruhe
6%
1.13mOufa
6%
1.11mPerm
6%
797kSarrebruck
6%
483kSzczecin
6%
1.05mVoronej
6%
420kConstanţa
5%
483kGroningue
5%
595kKingston-upon-Hull
5%
505kOstrava
5%
1.41mTcheliabinsk
5%
500kBydgoszcz
4%
526kGomel
4%
465kIaşi
4%
1.09mSaratov
4%
531kBréda / Tilbourg
3%
654kKryvyï Riy
3%
432kKursk
3%
728kMakhatchkala
3%
469kMiddlesbrough
3%
475kStoke-on-Trent
3%
759kZaporijia
3%
520kAstrakhan
2%
484kBelgorod
2%
426kBriansk
2%
431kBrunswick
2%
591kIaroslavl
2%
494kMykolaiv
2%
548kOrenbourg
2%
613kOulianovsk
2%
585kPenza
2%
524kRiazan
2%
774kTogliatti
2%
501kTula
2%
437kTver
2%
629kIjevsk
1%
453kIvanovo
1%
553kKirov
1%
508kLipetsk
1%
513kNaberejnye Tchelny
1%
498kStavropol
1%
577kTcheboksary
1%
430kVinnytsia
1%

Distribution des résultats

Percentile par nombre de réponses

% des personnes avec chaque résultat

Votre développement - résultats

Vous n’avez pas pris ce quiz depuis la dernière actualisation